00949nam a22002535a 450000500170000000800410001702000180005804000380007608200210011410000320013524500570016725000280022426000460025230000290029850000240032750000330035165000480038465000500043265100100048265300360049294200080052899900170053695201420055320160127143756.0150805r20142011ii a fr 001 0 eng d a9789350141267 aEG-ScBUEbengcEG-ScBUEdEG-ScBUE04a005.453bPAN2221 aPandey, Adesh Kumar.93841410aConcepts of compiler design /cby Adesh Kumar Pandy. a2nd ed., Reprinted ed.  aNew Delhi :bS. K. Kataria & Sons,c2014. a426 p. :bill. ;c24 cm. aIndex : p. 419-426. aReprint of the 2nd ed. 2011. 7aCompilers (Computer programs)2BUEsh913036 7aComputer softwarexDevelopment.2BUEsh911535 2BUEsh bCOMSCIcAugust2015cJanuary2016 2ddc c20468d20440 00102ddc40708BaccahaMAINbMAINcLOWd2015-08-05ePurchaseg148.00h21759l0o005.453 PANp000039023r2025-07-15 00:00:00v185.00yBB